Statistics for FIFA 19 Top 10 Premier League Left Back

Click here to take the quiz!

General Stats

  • This quiz has been taken 75 times
  • The average score is 7 of 10

Answer Stats

RankPlayerTeamOVA% Correct
2Andrew RobertsonLiverpool81
95%
1Marcos AlonsoChelsea82
87%
4Benjamin MendyManchester City81
81%
8Danny RoseTottenham Hotspur80
75%
3Ben DaviesTottenham Hotspur81
67%
7Nacho MonrealArsenal80
65%
6Fabian DelphManchester City80
57%
9Ashley YoungManchester United80
56%
5Sead KolasinacArsenal80
56%
10JonnyWolverhampton Wanderers79
37%

Score Distribution

Percentile by Number Answered

Percent of People with Each Score

Your Score History

You have not taken this quiz